000 00410nam a22001697a 4500
005 20180801144926.0
008 160622b xxu||||| |||| 00| 0 eng d
020 _a81-203-1239-2
041 _aeng
082 _b8877
_a658.3
100 _aRobbins, Stephen P.
_94675
245 _aManagement of organizational Behaviour
260 _bPHI
_aDELHI
300 _a271p,
650 _aManagement
_9241
942 _cBK
999 _c3471
_d3470